000 00559nam a2200181Ia 4500
008 100920s9999 xx 000 0 und d
082 _b108064
_a6 न 07
100 _aREDERS DIGEST.
245 _aREDERS DIGEST SELECT EDITION GONE TOMMORROW.
260 _bREDERS DIGEST,BOMBAY.
_c2007
300 _a0
_bप्लॅस्टिक
365 _b0
520 _aई.एल. एफ.
630 _aREDERS DIGEST SELECT EDITION GONE TOMMORROW.
650 _aई.एल. एफ.
730 _aREDERS DIGEST SELECT EDITION GONE TOMMORROW.
942 _cBOOK
999 _c748488
_d748485